书目信息 |
| 书名: | Electronic fundamentals and applications | |
| 作者: | John D. Ryder | |
| 分册号: | ||
| 分册名: | 出版地: | Englewood Cliffs, N.J. : |
|
| 出版社: | Prentice-Hall | |
| 出版时间: | [1976]. | |
| 页数: | xiii, 538 p. : | |
| 开本: | 24 cm. | |
| 丛书名: | ||
| 中图分类号: | ||
| 科图分类号: | ||
| 其他分类号: | TN01 | |
| 主题词: | ||
| 电子资源: | ||
| 000 | 00813nam 2200253 a 4500 | |
| 001 | E0733923304 | |
| 005 | 20070306092758.12 | |
| 008 | 00110 eng | |
| 008 | uu | |
| 010 | @a75004952 | |
| 020 | @a0132513714. | |
| 049 | @aN5LA | |
| 050 | 0 | @aTK7815 @b.R92 1976 |
| 082 | @a621.381 | |
| 090 | @aTN01 | |
| 099 | @dTN01@ex3 | |
| 100 | 10 | @aRyder, John Douglas, @d1907- |
| 245 | 10 | @aElectronic fundamentals and applications :@bintegrated and discrete systems / @cJohn D. Ryder |
| 250 | @a5th ed. | |
| 260 | 0 | @aEnglewood Cliffs, N.J. :@bPrentice-Hall,@c[1976]. |
| 300 | @axiii, 538 p. :@bill. ;@c24 cm. | |
| 504 | @aIncludes bibliographical references and index. | |
| 650 | 0 | @aElectronics. @b00 @c20020930 @lNLC09 @h2247 @lNLC09 @h2309 @lNLC09 @h1900 |
| 852 | 9 | @bWWJC @cJ08S @k2 @hTN10 @iRJD/1976 |
| Electronic fundamentals and applications : : integrated and discrete systems / / John D. Ryder.-5th ed.-Englewood Cliffs, N.J. : : Prentice-Hall, , [1976]. |
| xiii, 538 p. : : ill. ; ; 24 cm. |
| Includes bibliographical references and index. |
| ISBN 0132513714. |
| ● |
| 相关链接 |
|
|
|
|
正题名:Electronic fundamentals and applications
索取号:TN01/x3
 
预约/预借
| 序号 | 登录号 | 条形码 | 馆藏地/架位号 | 状态 | 备注 |
| 1 | 0000214 | 300002146 | 第四借阅区/ [索取号:TN01/x3] | 在馆 | |
| 2 | 0000215 | 300002155 | 第四借阅区/ [索取号:TN01/x3] | 在馆 |